| 000 | 00705nam a2200121Ia 4500 | ||
|---|---|---|---|
| 008 | 220615s9999||||xx |||||||||||||| ||und|| | ||
| 100 | _aNewsinger, John | ||
| 245 | 0 |
_aHope Lies in the Proles _bGeorge Orwell and the Left |
|
| 546 | _aEnglish[eng] | ||
| 650 | _aHistory||George Orwell||Literature||History||Biography||Political Ideology||Political Theory||Labour Party||Feminism||Anti-Fascism||Soviet Union||Working Class||British Politics||Socialism||Communism||Stalinism | ||
| 856 | _uhttps://library.oapen.org/bitstream/20.500.12657/30545/1/645363.pdf||https://library.oapen.org/bitstream/20.500.12657/30545/1/645363.pdf||https://library.oapen.org/bitstream/20.500.12657/30545/1/645363.pdf | ||
| 942 | _cEB | ||
| 999 |
_c11700 _d11700 |
||